• 首页
  • 本馆介绍
  • 公告通知
  • 最新文献
  • 馆藏检索
  • 电子资源
  • 读者导购
  • 参考咨询
  • 我的图书馆
  • 登录
  • 详细信息显示
  • 放入我的书架
  • 预约/预借图书
  • 作者相关作品
  • 分类相关作品
  • 丛书相关作品
  • 出版社相关作品

书目信息

  • 表格格式
  • 工作单格式
  • 卡片格式
题名:
笔记本电脑使用从入门到精通(Windows 8版)
    
 
作者: 朱非 , 蒲涛 编著 ;九州书源 编著
分册:  
出版信息: 北京   清华大学出版社  2014.01
页数: 464页
开本: 26cm
丛书名: 学电脑从入门到精通
单 册:
中图分类: TP368.32 , TP316.7
科图分类:
主题词: 笔记本计算机--基本知识 , Windows操作系统--基本知识
电子资源:
ISBN: 978-7-302-32734-9
000 01092nam0 2200313 450
001 992
005 20161008082744.54
005 20140325231100
010    @a978-7-302-32734-9@dCNY59.80
100    @a20131224d2014 em y0chiy0110 ea
101 0  @achi
102    @aCN@b110000
105    @aak z 000yy
200 1  @a笔记本电脑使用从入门到精通(Windows 8版)@9bi ji ben dian nao shi yong cong ru men dao jing tong(Windows 8 ban)@f九州书源,朱非,蒲涛编著
210    @a北京@c清华大学出版社@d2014.01
215    @a464页@c图表@d26cm@e1光盘
225 2  @a学电脑从入门到精通
330    @a本书以最新的Windows 8操作系统为例,深入浅出地讲解了笔记本电脑使用的相关知识。
333    @a本书可作为电脑培训班、相关专业学校的教学用书。
410  0 @12001 @a学电脑从入门到精通
606 0  @a笔记本计算机@x基本知识
606 0  @aWindows操作系统@x基本知识
690    @aTP368.32@v4
690    @aTP316.7@v4
701  0 @a朱非@9zhu fei@4编著
701  0 @a蒲涛@9pu tao@4编著
711 02 @a九州书源@9jiu zhou shu yuan@4编著
801  0 @aCN@b唐山师范学院图书馆@c20160830
905    @aZUCC@dTP368.32@e467
    
    笔记本电脑使用从入门到精通(Windows 8版)/九州书源,朱非,蒲涛编著.-北京:清华大学出版社,2014.01
    464页:图表;26cm+1光盘.-(学电脑从入门到精通)
    使用对象:本书可作为电脑培训班、相关专业学校的教学用书。
    
    ISBN 978-7-302-32734-9:CNY59.80
    本书以最新的Windows 8操作系统为例,深入浅出地讲解了笔记本电脑使用的相关知识。
●
相关链接 在E读中查询图书 在五车中查询图书 在当当中查询图书 在豆瓣中查询图书


正题名:笔记本电脑使用从入门到精通(Windows 8版)     索取号:TP368.32/467         预约/预借

序号 登录号 条形码 馆藏地/架位号 状态 备注
1 906446   209064466   第二样本阅览室/ [索取号:TP368.32/467] 在馆    
2 906447   209064475   第三借阅区/ [索取号:TP368.32/467] 在馆    
3 906448   209064484   第三借阅区/ [索取号:TP368.32/467] 在馆    
4 906449   209064493   密集书库—计算机科学学院/ [索取号:TP368.32/467] 在馆    
5 906450   209064509   第三借阅区/ [索取号:TP368.32/467] 在馆    
唐山师范学院图书馆 欢迎您!
大连网信软件有限公司© 版权所有